Cargando…

International Criminal Investigations Law and Practice.

"A resource book on selected topics assessing more than twenty years of international criminal investigations, while addressing the practicalities and challenges of such investigations. It explores, from the perspective of expert practitioners, a thematic approach to important issues such as in...

Descripción completa

Detalles Bibliográficos
Clasificación:Libro Electrónico
Autor principal: Babington-Ashaye, Adejoke
Otros Autores: Comrie, Aimee, Adeniran, Akingbolahan
Formato: Electrónico eBook
Idioma:Inglés
Publicado: Portland : Eleven International Publishing, 2018.
Temas:
Acceso en línea:Texto completo

MARC

LEADER 00000cam a2200000Mu 4500
001 EBOOKCENTRAL_on1202479394
003 OCoLC
005 20240329122006.0
006 m o d
007 cr |||||||||||
008 201031s2018 xx o ||| 0 eng d
040 |a EBLCP  |b eng  |c EBLCP  |d K6U  |d OCLCF  |d OCLCO  |d OCLCQ  |d OCLCO 
020 |a 9789462747494 
020 |a 9462747490 
035 |a (OCoLC)1202479394 
050 4 |a KZ7390  |b .I584 2018 
082 0 4 |a 345.052  |2 23 
049 |a UAMI 
100 1 |a Babington-Ashaye, Adejoke. 
245 1 0 |a International Criminal Investigations  |h [electronic resource] :  |b Law and Practice. 
260 |a Portland :  |b Eleven International Publishing,  |c 2018. 
300 |a 1 online resource (392 p.) 
500 |a Description based upon print version of record. 
505 0 |a Intro -- 1 Challenges of International Criminal Investigations and Prosecutions: Perspectives of a Prosecutor -- 2 International Cooperation and Judicial Assistance -- 3 Preparing for an Investigative Mission to Interview a Witness or Suspect -- 4 Collecting Evidence in International Criminal Investigations: Judicial Review of Investigative Deficiencies and Their Impact on the Case -- 5 Interpreters and Investigators of Sexual Violence in International Criminal Prosecution 
505 8 |a 6 The Investigation of International Crimes against or Affecting Children: Early Experience at the International Criminal Court -- 7 Legal Constraints on the Use of Intermediaries in International Criminal Investigations -- 8 Financial Investigations: An Introduction -- 9 Leadership Analysis in International Criminal Justice -- 10 Electronic Evidence Management at the ICC: Legal, Technical, Investigative and Organizational Considerations -- 11 Protecting Victims and Witnesses -- 12 Investigative Practices of Specialized War Crimes Units 
505 8 |a 13 Positive (and Practical) Complementarity: Practical Tools for Peer Prosecutors and Investigators Bringing Atrocity Crimes Cases in National Jurisdictions -- Appendix 1 Example of Evidence Checklist Adapted to the Jurisdiction of Guatemala -- Appendix 2 Example of Framework for Organization of a Case in Kenya -- Appendix 3 Example of Framework for Organization of a Case in Kosovo -- Index 
520 |a "A resource book on selected topics assessing more than twenty years of international criminal investigations, while addressing the practicalities and challenges of such investigations. It explores, from the perspective of expert practitioners, a thematic approach to important issues such as investigative strategies, planning and interview techniques for specific witnesses, financial investigations, while incorporating the personal experiences of those who have served as pioneers in this field"--Back cover. 
590 |a ProQuest Ebook Central  |b Ebook Central Academic Complete 
650 0 |a Criminal investigation (International law) 
650 0 |a Criminal procedure (International law) 
650 0 |a Criminal justice, Administration of  |x International cooperation. 
650 0 |a International criminal courts. 
650 6 |a Enquêtes criminelles (Droit international) 
650 6 |a Procédure pénale (Droit international) 
650 6 |a Tribunaux pénaux internationaux. 
650 7 |a Criminal investigation (International law)  |2 fast 
650 7 |a Criminal justice, Administration of  |x International cooperation  |2 fast 
650 7 |a Criminal procedure (International law)  |2 fast 
650 7 |a International criminal courts  |2 fast 
700 1 |a Comrie, Aimee. 
700 1 |a Adeniran, Akingbolahan. 
776 0 8 |i Print version:  |a Babington-Ashaye, Adejoke  |t International Criminal Investigations : Law and Practice  |d Portland : Eleven International Publishing,c2018  |z 9789462367791 
856 4 0 |u https://ebookcentral.uam.elogim.com/lib/uam-ebooks/detail.action?docID=6359491  |z Texto completo 
938 |a ProQuest Ebook Central  |b EBLB  |n EBL6359491 
994 |a 92  |b IZTAP